Mangas et anime - Quiz par lettre - B - Statistiques

Statistiques générales
  • Ce quiz a été pris 957 fois
  • Le résultat moyen est 13 sur 20
Statistiques - réponses
Indice Réponse % Correct
Le fils de Naruto Boruto
99%
Sport pratiqué dans Slam Dunk Basketball
96%
Complétez ces titres: ____ Box, ____ Exorcist, ____ Lock Blue
96%
C'est la brigade d'Eren Jaeger et Livai Hackerman: le __________ d'exploration Bataillon
95%
Complétez ces titres: _____ Butler, _____ Clover Black
95%
Manga de Tite Kubo dont le héros est Ichigo Kurosaki Bleach
94%
Anime dont le but était de nous faire acheter des toupies Beyblade
92%
Dans Dragon Ball, première amie de Goku et épouse de Vegeta Bulma
90%
Manga de dark fantasy dont le protagoniste se nomme Guts Berserk
90%
Le musicien de l'Équipage du Chapeau de Paille, dans One Piece Brook
86%
C'est le mot qui accompagne FullMetal Alchemist pour parler de l'adaptation animée de 2009 Brotherhood
79%
Dans Naruto, c'est le dojutsu du clan Hyuga Byakugan
70%
C'est le nom du tournoi des arts martiaux caractéristique de Dragon Ball: Tenkaichi ________ Budokai
53%
Connu sous le nom de BL, ce genre regroupe le yaoi et le shonen ai Boys' Love
32%
Complétez ce titre: Grappler ____ Baki
30%
Manga des auteurs de Death Note sur les coulisses de la création de manga Bakuman
30%
Sport pratiqué dans Salary Man's Club Badminton
28%
Mangaka sud-coréen qui est derrière Sun-Ken Rock et Dr. Stone Boichi
28%
C'est le nom du deuxième arc de Jojo's Bizarre Adventure Battle Tendency
20%
Scénariste de Ken le Survivant Buronson
4%
Aucun quiz correspondant
Distribution des résultats
% des personnes avec chaque résultat
Percentile par nombre de réponses
Votre historique - résultats
Vous n’avez pas pris ce quiz